| 000 | 00688nam a22002177a 4500 | ||
|---|---|---|---|
| 999 |
_c16401 _d16401 |
||
| 003 | AR-CdUCM | ||
| 008 | 190503b ||||| |||| 00| 0 spa d | ||
| 040 |
_aMUNICIPALIDAD PROVINCIAL DEL CUSCO _cBIBLIOTECA MUNICIPAL DEL CUSCO |
||
| 082 |
_a869.56 / _bH51 |
||
| 100 |
_aHidalgo, Alberto, _95809 |
||
| 245 | _aSu excelencia el buey / | ||
| 260 |
_aBuenos Aires : _bEds. Del Carro de Tepsis, _c1965. |
||
| 300 |
_a53 paginas ;; _c19 cm. |
||
| 440 |
_aColección Nuestro teatro _n20 _935830 |
||
| 505 | _aContenido : Teatro | ||
| 650 |
_aTeatro peruano _92697 |
||
| 650 |
_aSiglo XX. _98 |
||
| 650 |
_aPeriodo contemporáneo _91153 |
||
| 942 |
_2ddc _cLIBROS |
||
| 945 |
_awnts _d2019-05-3 |
||